000 00291nam a2200097Ia 4500
001 647110
005 20250826153656.0
008 250824s9999 xx 000 0 und d
245 0 _aŞİRİN KENDİMİ DURDURAMIYORUM 2 OLDUKÇA KORKUTUCU BİR ADAM
_cBİRSEN EKİM ÖZEN
260 _bTİMAŞ ÇOCUK
999 _c647110
_d647110